00657 a2200193 4500003000400000005001700004008004100021020001800062040000900080082002300089100002500112245004700137250001200184260004300196300001400239942005200253952014100305999001700446OSt20260309135621.0260309b |||||||| |||| 00| 0 eng d a9788192796574 coclc a894.8123009bMON/K aMonji, Rajesh910629 aKadhayamama /cRajesh Monji, Maina Umaiban a1st ed. aMalappuram:bSikha Grandhavedi.c2017, a310 pages 2ddccBKh894.8123009iMON/Kk894.8123009mMON/K 00102ddc40708LITaMESbMEScMALd2026-03-09g300.00l0o894.8123009 MON/Kp46172r2026-03-09 13:57:42v300.00w2026-03-09yBKzGR1R4 c44699d44699